000 00213nam a2200097Ia 4500
008 240331s9999 xx 000 0 und d
082 _bTHI
100 _aThiruchelvam,N
245 0 _acivil outhuleiyamayum
942 _cL
999 _c5007
_d5007